في التراث و الشعر و اللغة / (Record no. 7564)
[ view plain ]
| 000 -LEADER | |
|---|---|
| fixed length control field | 01494nam a22002657a 4500 |
| 003 - CONTROL NUMBER IDENTIFIER | |
| control field | EG-NbEJU |
| 005 - DATE AND TIME OF LATEST TRANSACTION | |
| control field | 20260401074905.0 |
| 008 - FIXED-LENGTH DATA ELEMENTS--GENERAL INFORMATION | |
| fixed length control field | 260126b |||||||| |||| 00| 0 eng d |
| 017 ## - COPYRIGHT OR LEGAL DEPOSIT NUMBER | |
| Copyright or legal deposit number | 1987 / 7928 |
| Assigning agency | مصر . دار المعارف |
| 020 ## - INTERNATIONAL STANDARD BOOK NUMBER | |
| International Standard Book Number | 9770222658 |
| 040 ## - CATALOGING SOURCE | |
| Original cataloging agency | EG-NbEJU |
| Language of cataloging | ara |
| Transcribing agency | EG-NbEJU |
| 041 ## - LANGUAGE CODE | |
| Language code of text/sound track or separate title | ara |
| 050 ## - LIBRARY OF CONGRESS CALL NUMBER | |
| Classification number | PJ7542.D34 |
| Item number | F5 1987 |
| 100 ## - MAIN ENTRY--PERSONAL NAME | |
| Personal name | ضيف ، شوقي |
| Relator term | المؤلف |
| 245 ## - TITLE STATEMENT | |
| Title | في التراث و الشعر و اللغة / |
| Statement of responsibility, etc. | الدكتور شوقي ضيف |
| 250 ## - EDITION STATEMENT | |
| Edition statement | الطبعة الاولي |
| 260 ## - PUBLICATION, DISTRIBUTION, ETC. | |
| Place of publication, distribution, etc. | القاهرة : |
| Name of publisher, distributor, etc. | دار المعارف ، |
| Date of publication, distribution, etc. | 1987 |
| 300 ## - PHYSICAL DESCRIPTION | |
| Extent | صفحة 274 ؛ |
| Dimensions | 23 سم |
| 490 ## - SERIES STATEMENT | |
| Series statement | مكتبة الدراسات الأدبية |
| Volume/sequential designation | 100 |
| 520 ## - SUMMARY, ETC. | |
| Summary, etc. | يتناول هذا الكتاب موضوعات مختلفة تتصل بالتراث و الشعر و اللغة ... في مجال التراث ما يتصل بوحدة التراث الديني و العلمي الادبي ... مجال الشعر يقدم قضية القديم و الجديد علي ضوء نماذج من شعراء لهم مذاقهم الخاص فس تاريخ الشعر العربي ... اما مجال اللغة فيثير قضية الفصحي و العامية في مجال المسرح و المجالين المسموع و المقروء |
| 650 ## - SUBJECT ADDED ENTRY--TOPICAL TERM | |
| Source of heading or term | qrmak |
| Topical term or geographic name entry element | الادب العربي |
| General subdivision | الشعر - اللغة - التراث العربي |
| Chronological subdivision | العصر المعاصر |
| 901 ## - Cataloger information | |
| Cataloger Name | Rowan |
| 902 ## - PDF File name | |
| PDF File name | xxxx |
| 942 ## - ADDED ENTRY ELEMENTS (KOHA) | |
| Source of classification or shelving scheme | Library of Congress Classification |
| Koha item type | Books |
| Suppress in OPAC | No |
| Withdrawn status | Lost status | Source of classification or shelving scheme | Damaged status | Not for loan | Home library | Current library | Date acquired | Total checkouts | Full call number | Barcode | Date last seen | Copy number | Price effective from | Koha item type |
|---|---|---|---|---|---|---|---|---|---|---|---|---|---|---|
| Library of Congress Classification | Fayza Aboulnaga Central Library | مكتبة فايزة أبو النجا المركزية بالحرم الجامعي | Fayza Aboulnaga Central Library | مكتبة فايزة أبو النجا المركزية بالحرم الجامعي | 02/01/2026 | PJ7542.D34 F5 1987 | 10015112 | 02/01/2026 | C. 1 | 02/01/2026 |
